LEADER 00824nam0-22003011i-450- 001 990006482210403321 005 20001010 035 $a000648221 035 $aFED01000648221 035 $a(Aleph)000648221FED01 035 $a000648221 100 $a20001010d--------km-y0itay50------ba 101 0 $aita 105 $ay-------001yy 200 1 $a<>Modern History of Tanganika$fJohn Iliffe 210 $aCambridge$cCambridge University Press$d1979. 215 $aXIV, 616 p.$d22 cm 225 1 $aAfrican studies series$v25 676 $a967.8 700 1$aIliffe,$bJohn$0243709 801 0$aIT$bUNINA$gRICA$2UNIMARC 901 $aBK 912 $a990006482210403321 952 $aCOLLEZ. 334 (25)$b12910$fFSPBC 959 $aFSPBC 996 $aModern History of Tanganika$9652702 997 $aUNINA DB $aGEN01 LEADER 01377nam a2200349 i 4500 001 991000793119707536 005 20020507173647.0 008 961116s1970 de ||| | eng 035 $ab10758057-39ule_inst 035 $aLE01302405$9ExL 040 $aDip.to Matematica$beng 082 0 $a515.7 084 $aAMS 46-01 084 $aAMS 46-XX 084 $aAMS 46A55 100 1 $aStoer, Josef$012949 245 10$aConvexity and optimization in finite dimensions I /$cJosef Stoer and Christoph Witzgall 260 $aBerlin :$bSpringer-Verlag,$c1970 300 $aix, 293 p. :$bill. ;$c24 cm. 490 0 $aGrundlehren der mathematischen Wissenschaften = A series of comprehensive studies in mathematics,$x0072-7830 ;$v163 500 $aBibliography: v. 1, p. [269]-285 650 0$aConvex domains 650 0$aFunctional analysis 650 0$aFunctional analysis-textbooks 650 0$aMathematical optimization 700 1 $aWitzgall, Christoph$eauthor$4http://id.loc.gov/vocabulary/relators/aut$012950 907 $a.b10758057$b23-02-17$c28-06-02 912 $a991000793119707536 945 $aLE013 46-XX STO11 (1970)$g1$i2013000068596$lle013$o-$pE0.00$q-$rl$s- $t0$u2$v8$w2$x0$y.i10852669$z28-06-02 996 $aConvexity and optimization in finite dimensions I$9117470 997 $aUNISALENTO 998 $ale013$b01-01-96$cm$da $e-$feng$gde $h0$i1